[Event "Heusenstamm Sparkassen Open"]
[Site "Heusenstamm"]
[Date "2017.11.24"]
[Round "3.2"]
[White "Stocek, Jiri"]
[Black "Kersten, Uwe"]
[Result "1-0"]
[WhiteElo "2567"]
[BlackElo "2234"]
[PlyCount "83"]
[EventDate "2017.??.??"]

1. d4 Nf6 2. c4 c5 3. d5 b5 4. Nf3 Bb7 5. Bf4 d6 6. Nbd2 Nh5 7. e3 Nxf4 8. exf4
g6 9. Qb3 b4 10. a3 a5 11. axb4 axb4 12. Rxa8 Bxa8 13. g3 Bg7 14. Qa4+ Nd7 15.
Bh3 Bb7 16. Ng5 Bc8 17. Ne6 fxe6 18. dxe6 O-O 19. exd7 Bb7 20. O-O Bxb2 21. Nb3
Qc7 22. Na5 Ba8 23. Re1 e5 24. Nb3 Bc3 25. Re2 Kg7 26. Be6 Kf6 27. fxe5+ dxe5
28. Bd5 Bxd5 29. cxd5 Ke7 30. Qb5 Qxd7 31. Qxc5+ Kf7 32. Na5 Kg8 33. Qc4 Kh8
34. Nc6 Qd6 35. Ra2 Rf7 36. Ra8+ Kg7 37. Nd8 Re7 38. Ne6+ Rxe6 39. dxe6 Bd4 40.
Kg2 h5 41. Rc8 Kf6 42. Rc6 1-0

[Event "Heusenstamm Sparkassen Open"]
[Site "Heusenstamm"]
[Date "2017.11.24"]
[Round "3.3"]
[White "Henrich, Thomas"]
[Black "Nikolov, Momchil"]
[Result "0-1"]
[WhiteElo "2216"]
[BlackElo "2561"]
[PlyCount "94"]
[EventDate "2017.??.??"]

1. e4 c5 2. Nf3 Nc6 3. d4 cxd4 4. Nxd4 Qb6 5. Nb3 Nf6 6. Nc3 e6 7. Bd3 a6 8.
Qe2 d6 9. Bg5 Be7 10. O-O-O Qc7 11. f4 h6 12. Bh4 g5 13. fxg5 Nd7 14. Qh5 Qd8
15. Kb1 Nde5 16. Bg3 Bxg5 17. Ne2 Qb6 18. Rhf1 Bd7 19. Bf2 Qc7 20. Ned4 O-O-O
21. Nxc6 Bxc6 22. Bd4 Rh7 23. h4 Be7 24. g4 Be8 25. g5 f6 26. Qe2 hxg5 27. hxg5
Bh5 28. Qe3 Bxd1 29. Bb6 Nc4 30. Bxc4 Bxc2+ 31. Ka1 Qxc4 32. Rc1 Kb8 33. gxf6
Bxf6 34. e5 dxe5 35. Bxd8 Bxd8 36. Qd2 Qd3 37. Qxc2 Qxc2 38. Rxc2 Rh1+ 39. Rc1
Rxc1+ 40. Nxc1 Kc7 41. Kb1 Kd6 42. Kc2 Kd5 43. Kd3 e4+ 44. Kc2 Bb6 45. Ne2 Ke5
46. Kd2 Kf5 47. Nc3 Ba5 0-1

[Event "Heusenstamm Sparkassen Open"]
[Site "Heusenstamm"]
[Date "2017.11.24"]
[Round "3.4"]
[White "Sivuk, Vitaly"]
[Black "Poghosyan, Tigran"]
[Result "1-0"]
[WhiteElo "2551"]
[BlackElo "2175"]
[PlyCount "99"]
[EventDate "2017.??.??"]

1. d4 Nf6 2. c4 g6 3. Nc3 d5 4. Qb3 dxc4 5. Qxc4 Bg7 6. e4 O-O 7. Be2 a6 8. Bf4
c6 9. Nf3 b5 10. Qd3 Nbd7 11. O-O Bb7 12. b4 Re8 13. e5 Nd5 14. Nxd5 cxd5 15.
h4 Nf8 16. Qe3 Bc8 17. Bd3 Bg4 18. Nh2 Qd7 19. Bh6 Rec8 20. h5 Rc3 21. Bxg7
Kxg7 22. h6+ Kg8 23. Rfc1 Rxc1+ 24. Rxc1 Bf5 25. Be2 Rc8 26. g4 Rxc1+ 27. Qxc1
Qc8 28. Qc5 Qxc5 29. dxc5 Bd7 30. g5 Bc6 31. Bg4 e6 32. f4 Nd7 33. Nf3 Nb8 34.
Kf2 Bd7 35. Ke3 Nc6 36. a3 Nd8 37. Nh2 Bc6 38. Be2 Nb7 39. Kd4 Nd8 40. Kc3 Kf8
41. a4 f5 42. exf6 Nf7 43. axb5 axb5 44. Nf3 Ke8 45. Nd4 Kd7 46. Nxb5 e5 47.
fxe5 Nxe5 48. Nd4 Nf7 49. b5 Ba8 50. Bg4+ 1-0

[Event "Heusenstamm Sparkassen Open"]
[Site "Heusenstamm"]
[Date "2017.11.24"]
[Round "3.5"]
[White "Erdmann, Stefan"]
[Black "Pap, Misa"]
[Result "0-1"]
[WhiteElo "2194"]
[BlackElo "2494"]
[PlyCount "80"]
[EventDate "2017.??.??"]

1. d4 f5 2. g3 Nf6 3. Bg2 g6 4. c3 Bg7 5. Qb3 Nc6 6. Nf3 e6 7. Bg5 h6 8. Bxf6
Qxf6 9. Nbd2 d6 10. e3 e5 11. d5 Ne7 12. c4 O-O 13. O-O g5 14. e4 f4 15. Ne1 g4
16. f3 h5 17. Rc1 Qg5 18. Rc2 c5 19. Kf2 Ng6 20. Ke2 fxg3 21. hxg3 gxf3+ 22.
Bxf3 Qxg3 23. Qe3 Nf4+ 24. Kd1 Nh3 25. Rc3 h4 26. Qe2 Nf4 27. Qe3 h3 28. Rg1
Qh4 29. Nf1 Rf6 30. Nh2 Rg6 31. Rxg6 Nxg6 32. Be2 Bd7 33. Qg1 Nf4 34. Bg4 Bxg4+
35. Nxg4 Rf8 36. Nf3 Qh7 37. Nf2 Rf6 38. Qg4 h2 39. Nh1 Qxe4 40. Rc2 Qd3+ 0-1

[Event "Heusenstamm Sparkassen Open"]
[Site "Heusenstamm"]
[Date "2017.11.24"]
[Round "3.6"]
[White "Chandler, Patrick"]
[Black "Noe, Christopher"]
[Result "1/2-1/2"]
[WhiteElo "2185"]
[BlackElo "2463"]
[PlyCount "89"]
[EventDate "2017.??.??"]

1. d4 Nf6 2. Nf3 c5 3. c3 e6 4. Bf4 Nc6 5. e3 d5 6. Nbd2 Bd6 7. Ne5 Qc7 8. Bb5
O-O 9. Bxc6 bxc6 10. O-O Ba6 11. Re1 Ne4 12. f3 Nxd2 13. Qxd2 g5 14. Bg3 f6 15.
Ng4 Bxg3 16. hxg3 Qxg3 17. e4 h5 18. Nf2 Rae8 19. e5 Re7 20. Re3 Rg7 21. Rae1
fxe5 22. Rxe5 Rxf3 23. Nh3 Rf5 24. R5e3 Qc7 25. Rxe6 Rgf7 26. R1e5 Rxe5 27.
dxe5 Rf1+ 28. Kh2 Rf5 29. Nxg5 Qg7 30. Re8+ Rf8 31. Rxf8+ Qxf8 32. Qe3 Qe7 33.
Nf3 Bc8 34. Kg3 Kg7 35. Qg5+ Qxg5+ 36. Nxg5 Kg6 37. Kf4 Bg4 38. b3 a5 39. g3
Bf5 40. Nf3 Be4 41. Nd2 Bc2 42. Nf3 Be4 43. Ng5 Bf5 44. Nf3 Be4 45. Ng5 1/2-1/2

[Event "Heusenstamm Sparkassen Open"]
[Site "Heusenstamm"]
[Date "2017.11.24"]
[Round "3.7"]
[White "Pitzanti, Matteo"]
[Black "Milov, Leonid"]
[Result "1-0"]
[WhiteElo "2182"]
[BlackElo "2453"]
[PlyCount "65"]
[EventDate "2017.??.??"]

1. d4 d5 2. Nf3 c6 3. e3 Bg4 4. c4 e6 5. Nc3 Nd7 6. Qb3 Qb6 7. Be2 Ngf6 8. O-O
Be7 9. Bd2 O-O 10. Rfc1 Rfe8 11. Be1 Bf8 12. Qxb6 axb6 13. cxd5 exd5 14. Nd2
Bf5 15. Bd1 b5 16. Bc2 Bxc2 17. Rxc2 Ra7 18. Ne2 Rea8 19. b3 Nb8 20. Nc1 Na6
21. Nd3 Nb4 22. Nxb4 Bxb4 23. Nf3 Bd6 24. Kf1 Ra3 25. Rb2 Ne4 26. g3 b4 27. Ke2
Nc3+ 28. Bxc3 bxc3 29. Rc2 Rxb3 30. axb3 Rxa1 31. Rxc3 Ra2+ 32. Kf1 Bb4 33. Rc1
1-0

[Event "Heusenstamm Sparkassen Open"]
[Site "Heusenstamm"]
[Date "2017.11.24"]
[Round "3.8"]
[White "Colpe, Malte"]
[Black "Sobolevsky, Leonid"]
[Result "1-0"]
[WhiteElo "2404"]
[BlackElo "2185"]
[PlyCount "85"]
[EventDate "2017.??.??"]

1. d4 Nf6 2. c4 e6 3. Nf3 c5 4. d5 b5 5. Bf4 d6 6. dxe6 fxe6 7. cxb5 Be7 8. Nc3
O-O 9. e3 h6 10. Bg3 Bb7 11. Bd3 a6 12. O-O axb5 13. Bxb5 Qb6 14. a4 Na6 15.
Nh4 Rfd8 16. Ng6 Kf7 17. Nxe7 Kxe7 18. e4 Nc7 19. Qe2 Nxb5 20. axb5 Rxa1 21.
Rxa1 e5 22. f3 Nh5 23. Qc4 Nf6 24. Bh4 g5 25. Bf2 Rc8 26. Be3 Ra8 27. Rxa8 Bxa8
28. b4 Nd7 29. Na4 Qa7 30. bxc5 Qa5 31. Kf2 dxc5 32. Nxc5 Nxc5 33. Bxc5+ Kf6
34. Qd3 Qc7 35. Be3 Bb7 36. b6 Qe7 37. Qd2 Kg6 38. g4 h5 39. h3 h4 40. Qa2 Kg7
41. Kg2 Kh6 42. Qg8 Ba6 43. Qh8+ 1-0

[Event "Heusenstamm Sparkassen Open"]
[Site "Heusenstamm"]
[Date "2017.11.24"]
[Round "3.10"]
[White "Biriukov, Nikolai"]
[Black "Hentzgen, Thomas"]
[Result "1-0"]
[WhiteElo "2393"]
[BlackElo "2037"]
[PlyCount "83"]
[EventDate "2017.??.??"]

1. d4 Nf6 2. c4 g6 3. f3 e6 4. Nc3 c5 5. d5 exd5 6. cxd5 d6 7. e4 a6 8. a4 Bg7
9. Nge2 O-O 10. Ng3 Re8 11. Be2 h5 12. O-O Qe7 13. Nh1 Nbd7 14. Nf2 Rb8 15. Bg5
Qf8 16. Qd2 Nh7 17. Be3 f5 18. Rfe1 Ndf6 19. Rab1 Nd7 20. exf5 gxf5 21. Bf1 b6
22. Kh1 Ne5 23. Nh3 Kh8 24. Nf4 Qf7 25. Ne6 Bf6 26. b4 Rb7 27. f4 Ng4 28. Bxa6
Rbe7 29. Bxc8 Nxe3 30. Rxe3 Rxc8 31. bxc5 bxc5 32. Nb5 Rd7 33. Qc2 Ra8 34. Ra3
Qg6 35. a5 h4 36. h3 Nf8 37. Nec7 Rb8 38. a6 Bd8 39. a7 Bxc7 40. Nxc7 Rxb1+ 41.
Qxb1 Rg7 42. Qb2 1-0

[Event "Heusenstamm Sparkassen Open"]
[Site "Heusenstamm"]
[Date "2017.11.24"]
[Round "3.11"]
[White "Berghof, Axel"]
[Black "Pfreundt, Jakob"]
[Result "0-1"]
[WhiteElo "2173"]
[BlackElo "2391"]
[PlyCount "142"]
[EventDate "2017.??.??"]

1. e4 e5 2. Nf3 Nc6 3. Bb5 Nf6 4. O-O Nxe4 5. Re1 Nd6 6. Nxe5 Be7 7. Nxc6 dxc6
8. Ba4 O-O 9. d4 Nf5 10. c3 Bd6 11. Nd2 Re8 12. Rxe8+ Qxe8 13. Nf1 Be6 14. Bc2
Qe7 15. Ng3 Nxg3 16. hxg3 Qf6 17. Be3 Re8 18. Qd2 Bf5 19. Re1 Bxc2 20. Qxc2 h5
21. a3 b5 22. Bd2 Rxe1+ 23. Bxe1 Qe6 24. Kf1 Qd5 25. Kg1 g6 26. Qd3 a6 27. Qe2
Qf5 28. Qd1 Qe4 29. Kf1 Kg7 30. f3 Qe6 31. Bf2 a5 32. Qc2 a4 33. Qd2 Qd5 34.
Kg1 Qf5 35. Qd1 Qe6 36. Qd2 Qa2 37. Be1 Kh7 38. Kf2 Kg8 39. Kg1 Qe6 40. Bf2 Kg7
41. Kf1 Qf5 42. Qd1 g5 43. Kg1 Qe6 44. Kf1 g4 45. fxg4 hxg4 46. Kg1 Kf8 47. Kf1
Ke7 48. Kg1 Kd7 49. Kf1 Bf8 50. Qd3 Bh6 51. Kg1 Kd6 52. Kh2 f5 53. Kg1 Qe4 54.
Qd1 Qe6 55. Qc2 Kd7 56. Kh2 Ke7 57. Kg1 Kf6 58. Kf1 Qb3 59. Qb1 Qc4+ 60. Ke1
Qd5 61. Kf1 Qe4 62. Qd1 Ke6 63. Kg1 Bg5 64. Kh2 Kd7 65. b3 axb3 66. Qxb3 Qe6
67. Qc2 f4 68. Qh7+ Kc8 69. Qh8+ Kb7 70. Qf8 Qe2 71. Bg1 f3 0-1

[Event "Heusenstamm Sparkassen Open"]
[Site "Heusenstamm"]
[Date "2017.11.24"]
[Round "3.12"]
[White "Stork, Oliver"]
[Black "Winterberg, Lukas"]
[Result "1/2-1/2"]
[WhiteElo "2156"]
[BlackElo "2384"]
[PlyCount "76"]
[EventDate "2017.??.??"]

1. c4 e6 2. Nf3 d5 3. b3 Nf6 4. g3 Be7 5. Bg2 O-O 6. O-O c5 7. cxd5 Nxd5 8. Bb2
Nc6 9. d4 cxd4 10. Nxd4 Bd7 11. Nc3 Nxd4 12. Nxd5 Nc6 13. Nxe7+ Qxe7 14. Qd2
Rfd8 15. Rfd1 Be8 16. Qc3 f6 17. a3 Rac8 18. Rac1 Bh5 19. Qe3 e5 20. b4 Rxd1+
21. Rxd1 Rd8 22. Rd3 a6 23. h3 Bg6 24. Rd5 Bf7 25. Rd2 Rd6 26. Bc3 Qd7 27. a4
Bc4 28. Rxd6 Qxd6 29. Qb6 Qd7 30. e3 Nd8 31. Qc5 Bb3 32. b5 axb5 33. Bb4 Ne6
34. Qxb5 Bxa4 35. Qxd7 Bxd7 36. Bxb7 Nd8 37. Bd5+ Be6 38. Ba5 Bxd5 1/2-1/2

[Event "Heusenstamm Sparkassen Open"]
[Site "Heusenstamm"]
[Date "2017.11.24"]
[Round "3.13"]
[White "Jahncke, Giso"]
[Black "Maehrlein, Christoph"]
[Result "1/2-1/2"]
[WhiteElo "2352"]
[BlackElo "2035"]
[PlyCount "85"]
[EventDate "2017.??.??"]

1. Nf3 d5 2. d4 e6 3. g3 c6 4. Bg2 Bd6 5. O-O f5 6. c4 Nf6 7. Nc3 Ne4 8. Qc2
O-O 9. Rb1 Nd7 10. b4 Ndf6 11. b5 Nxc3 12. Qxc3 Bd7 13. bxc6 Bxc6 14. Nd2 Qe7
15. c5 Bc7 16. f4 Rfc8 17. Ba3 Qe8 18. Rb2 b5 19. cxb6 axb6 20. Bb4 Bb5 21. Qe3
Ne4 22. Nxe4 dxe4 23. Rc1 Bd8 24. Rbc2 Bf6 25. Qd2 Rxc2 26. Rxc2 Qd7 27. e3 Bd3
28. Rc3 Rc8 29. Bf1 Bxf1 30. Kxf1 Qb5+ 31. Qe2 Qxe2+ 32. Kxe2 Rxc3 33. Bxc3 Kf7
34. a4 Ke7 35. Bb4+ Kd7 36. Kd2 Kc6 37. Kc3 g5 38. h3 gxf4 39. gxf4 Bh4 40. Kc4
Bf2 41. Bd2 h5 42. Kb4 Bh4 43. Kc4 1/2-1/2

[Event "Heusenstamm Sparkassen Open"]
[Site "Heusenstamm"]
[Date "2017.11.24"]
[Round "3.14"]
[White "Flach, Erich"]
[Black "Sai Agni Jeevitesh, J."]
[Result "0-1"]
[WhiteElo "2107"]
[BlackElo "2364"]
[PlyCount "68"]
[EventDate "2017.??.??"]

1. c4 d6 2. Nc3 f5 3. g3 Nf6 4. Bg2 g6 5. d3 Bg7 6. e3 c6 7. Nge2 O-O 8. O-O a5
9. Rb1 e5 10. a3 Be6 11. b4 axb4 12. axb4 d5 13. cxd5 Nxd5 14. Na4 Qe7 15. Bd2
Rd8 16. Qc2 Nc7 17. Rfc1 Nb5 18. Ra1 Na6 19. Rcb1 Kh8 20. Nb6 Rab8 21. Ra5 Qd6
22. Nc1 Nac7 23. Nc4 Qd7 24. Nb6 Qf7 25. Nb3 Nd5 26. Nxd5 Bxd5 27. Nc1 Bxg2 28.
Kxg2 f4 29. Qd1 fxe3 30. fxe3 e4 31. d4 Nd6 32. Qe2 Rf8 33. Be1 Nc4 34. Ra7
Nxe3+ 0-1

[Event "Heusenstamm Sparkassen Open"]
[Site "Heusenstamm"]
[Date "2017.11.24"]
[Round "3.15"]
[White "Solonar, Stefan"]
[Black "Marchese, Andrea"]
[Result "1/2-1/2"]
[WhiteElo "2315"]
[BlackElo "1861"]
[PlyCount "111"]
[EventDate "2017.??.??"]

1. c4 Nf6 2. Nc3 c5 3. Nf3 Nc6 4. d4 cxd4 5. Nxd4 d6 6. e4 g6 7. Be2 Bg7 8. Be3
O-O 9. O-O Ne8 10. Nb3 f5 11. exf5 gxf5 12. Qd2 Nf6 13. Bh6 Rf7 14. Bg5 Qf8 15.
Rad1 Be6 16. Qe3 Bc8 17. c5 e5 18. Bc4 d5 19. Nxd5 Ng4 20. Qe2 Kh8 21. h3 Nh6
22. Nb4 Rd7 23. Nxc6 bxc6 24. Rxd7 Bxd7 25. Rd1 Be8 26. Bxh6 Bxh6 27. Qxe5+ Bg7
28. Qe6 Bh5 29. f3 Re8 30. Qd6 Re7 31. Qxc6 Be5 32. Be6 Qf6 33. Rd8+ Kg7 34.
Rg8+ Kh6 35. Bd5 Qxc6 36. Bxc6 Bf7 37. Rd8 Bg3 38. Bb5 Re1+ 39. Bf1 Bc4 40. Nd2
Bxa2 41. Rd4 Rd1 42. f4 Bf7 43. c6 Rc1 44. Rd6+ Kg7 45. Rd7 Bxf4 46. Kf2 Rxc6
47. Bc4 Rc7 48. Rxf7+ Rxf7 49. Bxf7 Kxf7 50. Nc4 Bc7 51. Ke3 Ke6 52. Kd4 Bh2
53. g4 Kf6 54. Ke3 fxg4 55. hxg4 Kg5 56. Kf3 1/2-1/2

[Event "Heusenstamm Sparkassen Open"]
[Site "Heusenstamm"]
[Date "2017.11.24"]
[Round "3.16"]
[White "Syed, Tareq"]
[Black "Boe, Mads"]
[Result "1/2-1/2"]
[WhiteElo "2023"]
[BlackElo "2297"]
[PlyCount "52"]
[EventDate "2017.??.??"]

1. d3 d5 2. e4 c6 3. Nd2 Nf6 4. Ngf3 Bg4 5. e5 Nfd7 6. h3 Bxf3 7. Nxf3 e6 8. g3
c5 9. Bg2 Nc6 10. Bf4 Be7 11. h4 Qc7 12. Qe2 O-O-O 13. O-O h6 14. c4 d4 15.
Rfe1 Rdg8 16. g4 g5 17. hxg5 hxg5 18. Bg3 Nf8 19. Nd2 Ng6 20. Bxc6 Qxc6 21. Ne4
Qc7 22. Nd2 Nh4 23. Ne4 Rg6 24. b4 cxb4 25. c5 Qc6 26. Rec1 Rgh6 1/2-1/2

[Event "Sparkassen-Open A"]
[Site "Heusenstamm, Martinsee"]
[Date "2017.11.24"]
[Round "3.17"]
[White "Müdder, Melanie"]
[Black "Schmitzer, Klaus"]
[Result "0-1"]
[WhiteElo "1737"]
[BlackElo "2242"]
[PlyCount "118"]
[EventDate "2017.??.??"]
[WhiteTeam "SG Solingen"]
[BlackTeam "Bad Vilbeler Sfr"]

1. e4 c6 2. Nf3 d5 3. exd5 cxd5 4. Ne5 Nf6 5. d4 g6 6. Bd3 Bg7 7. O-O O-O 8. f4
Ne4 9. Bxe4 dxe4 10. c3 Be6 11. Nd2 f6 12. Ng4 Nd7 13. f5 gxf5 14. Ne3 Qa5 15.
Nb3 Qc7 16. Nxf5 Bxf5 17. Rxf5 e6 18. Rf1 f5 19. Bf4 Qb6 20. Kh1 Rad8 21. Qe2
e5 22. dxe5 Nxe5 23. Nd4 Nd3 24. Bg5 Rd5 25. Be3 Qxb2 26. Qxb2 Nxb2 27. Ne6 Rf7
28. Nxg7 Kxg7 29. Bxa7 Rd2 30. Bd4+ Kg6 31. Rf2 Rxf2 32. Bxf2 Re7 33. Bh4 Rc7
34. h3 Rxc3 35. Rf1 Nd3 36. g4 f4 37. Bd8 Rc2 38. h4 e3 39. h5+ Kh6 40. Rb1 e2
41. Bh4 Rc1+ 42. Rxc1 Nxc1 43. Kg2 Nd3 44. Kf3 e1=Q 45. Bxe1 Nxe1+ 46. Kxf4 b5
47. Ke4 Nc2 48. Kd5 Nb4+ 49. Kc5 Nxa2 50. Kxb5 Kg5 51. Kc4 Kxg4 52. h6 Kg5 53.
Kd3 Kxh6 54. Ke3 Kg5 55. Kf3 h5 56. Kg3 Nc3 57. Kh3 Ne4 58. Kg2 Kg4 59. Kh2 h4
0-1

[Event "Sparkassen-Open A"]
[Site "Heusenstamm, Martinsee"]
[Date "2017.11.24"]
[Round "3.18"]
[White "Bortnyk, Oleksandr"]
[Black "Felten, Maximilian"]
[Result "1-0"]
[WhiteElo "2600"]
[BlackElo "1675"]
[PlyCount "57"]
[EventDate "2017.??.??"]
[WhiteTeam "vereinslos"]
[BlackTeam "SG Trier"]

1. d4 d5 2. Nc3 Nf6 3. Bf4 c6 4. e3 Bf5 5. Nf3 e6 6. Ne5 Nbd7 7. g4 Bg6 8. h4
h5 9. Nxg6 fxg6 10. g5 Ng8 11. Bh3 Qb6 12. Qd3 Ne7 13. Bxe6 O-O-O 14. O-O Nf5
15. Bxf5 gxf5 16. a4 Be7 17. a5 Qa6 18. Qxf5 Rdf8 19. Qg6 Bb4 20. Qd3 Qxd3 21.
cxd3 Re8 22. a6 b6 23. Rac1 Nf8 24. Nxd5 Be7 25. Rxc6+ Kd7 26. Rc7+ Ke6 27. e4
Ng6 28. Rxa7 Rhf8 29. Bg3 1-0

[Event "Sparkassen-Open A"]
[Site "Heusenstamm, Martinsee"]
[Date "2017.11.24"]
[Round "3.19"]
[White "Klings, Peter"]
[Black "Kantans, Toms"]
[Result "0-1"]
[WhiteElo "2145"]
[BlackElo "2509"]
[PlyCount "130"]
[EventDate "2017.??.??"]
[WhiteTeam "Freibauer Mörlenbach"]
[BlackTeam "SG Speyer-Schwegenheim"]

1. Nf3 Nf6 2. c4 c5 3. Nc3 Nc6 4. e3 g6 5. d4 cxd4 6. exd4 d5 7. cxd5 Nxd5 8.
Qb3 Nxc3 9. Bc4 Nd5 10. Bxd5 e6 11. Bxc6+ bxc6 12. O-O Qd5 13. Be3 f6 14. Rfc1
Bd6 15. Nd2 Kf7 16. Rc2 Bd7 17. Qc4 Rhb8 18. Qe2 a5 19. Nc4 Bc7 20. Rd1 a4 21.
Bd2 Rb5 22. a3 Rd8 23. Bb4 Be8 24. Rdd2 Qh5 25. Qxh5 Rxh5 26. g3 Rb5 27. Kf1 g5
28. Ke1 Kg7 29. Ne3 Bb6 30. Rc4 h5 31. Bc3 Ra8 32. Bb4 Kg6 33. Nd1 e5 34. Nc3
Rd5 35. Bc5 Ba5 36. Bb4 Rxd4 37. Rcxd4 exd4 38. Rxd4 Bb6 39. Rd6 Bc7 40. Rd4
Bb6 41. Rd6 Bc7 42. Rd2 Bf7 43. Ne2 Re8 44. Bc3 Bc4 45. Kd1 Bb3+ 46. Ke1 Bc4
47. Kd1 c5 48. Nc1 Re7 49. Kc2 h4 50. b3 Bb5 51. Rd5 axb3+ 52. Kxb3 Be8 53.
Rxc5 Bb6 54. Rc8 Bxf2 55. Nd3 hxg3 56. hxg3 Bxg3 57. a4 Re3 58. Rd8 g4 59. a5
Bb5 60. Kc2 Re2+ 61. Kb3 Re3 62. Kc2 Bc7 63. Rd4 g3 64. Nf4+ Kf5 65. Nh3 Be5
0-1

[Event "Sparkassen-Open A"]
[Site "Heusenstamm, Martinsee"]
[Date "2017.11.24"]
[Round "3.20"]
[White "Kollars, Dmitrij"]
[Black "Bethke, Richard"]
[Result "1-0"]
[WhiteElo "2500"]
[BlackElo "2134"]
[PlyCount "95"]
[EventDate "2017.??.??"]
[WhiteTeam "Hamburger SK"]
[BlackTeam "SF Neuberg"]

1. e4 e5 2. Nf3 Nc6 3. Bb5 a6 4. Ba4 Nf6 5. O-O b5 6. Bb3 Be7 7. d3 O-O 8. Nc3
d6 9. a3 Bg4 10. Be3 Na5 11. Ba2 c5 12. Nd5 Nxd5 13. Bxd5 Rc8 14. b4 Nc6 15. c3
a5 16. a4 bxa4 17. bxc5 dxc5 18. h3 Be6 19. Bxe6 fxe6 20. Rxa4 Qd7 21. Qb3 h6
22. Rd1 Kh7 23. Rc4 Ra8 24. Qa4 Qe8 25. Nd2 Qh5 26. f3 Nd8 27. Nf1 Nf7 28. Qd7
Rae8 29. Qxe6 Ng5 30. Qg4 Qxg4 31. hxg4 Ne6 32. Ra4 Ra8 33. Nd2 Bd8 34. Kf2 Bc7
35. Ke2 Rfb8 36. Nc4 Rb3 37. Kd2 g5 38. Kc2 Rb5 39. Rh1 Kg6 40. Bc1 Rh8 41. Ne3
Nf4 42. g3 Ne6 43. Nf5 Rh7 44. Bd2 Rb7 45. Raa1 Nd8 46. Rh2 Bb8 47. Rxa5 Ne6
48. Ra6 1-0

[Event "Sparkassen-Open A"]
[Site "Heusenstamm, Martinsee"]
[Date "2017.11.24"]
[Round "3.21"]
[White "Enchev, Ivajlo"]
[Black "Rosenberger, Frank"]
[Result "1-0"]
[WhiteElo "2490"]
[BlackElo "2141"]
[PlyCount "89"]
[EventDate "2017.??.??"]
[WhiteTeam "vereinslos"]
[BlackTeam "SK Gernsheim"]

1. d4 d5 2. Nf3 c6 3. Bf4 Bf5 4. e3 e6 5. c4 Bd6 6. Bg3 Bxg3 7. hxg3 Qb6 8. Qb3
h6 9. Nc3 Qxb3 10. axb3 Nd7 11. b4 dxc4 12. e4 Bg6 13. Bxc4 Nb6 14. Ne5 Ne7 15.
Bb3 a6 16. Ke2 O-O-O 17. Ke3 Rhf8 18. f4 Kb8 19. g4 f5 20. Bxe6 fxe4 21. f5 Be8
22. Kxe4 Ned5 23. Nxd5 cxd5+ 24. Ke3 Bd7 25. Nxd7+ Nxd7 26. Kf4 Nf6 27. Rhe1
Rd6 28. b5 axb5 29. g5 hxg5+ 30. Kxg5 Ne8 31. Ra3 Rf6 32. Bf7 Nc7 33. Bg6 Rd7
34. Rae3 Ka7 35. Re7 Rfd6 36. Bf7 b4 37. Rxd7 Rxd7 38. Kg6 Nb5 39. Be8 Rd6+ 40.
Re6 Rxe6+ 41. fxe6 Nxd4 42. e7 Ne6 43. Bd7 Nc7 44. e8=Q Nxe8 45. Bxe8 1-0

[Event "Sparkassen-Open A"]
[Site "Heusenstamm, Martinsee"]
[Date "2017.11.24"]
[Round "3.22"]
[White "Karthik, Venkataraman"]
[Black "Hinrichs, Hans-Uwe"]
[Result "1-0"]
[WhiteElo "2466"]
[BlackElo "2123"]
[PlyCount "81"]
[EventDate "2017.??.??"]
[WhiteTeam "vereinslos"]
[BlackTeam "SK Bingen"]

1. d4 Nf6 2. c4 c5 3. d5 e5 4. Nc3 d6 5. g3 Be7 6. Bg2 O-O 7. e4 Ne8 8. Nge2
Bg5 9. O-O Bxc1 10. Nxc1 f5 11. exf5 Bxf5 12. Nb3 Qd7 13. Qe2 Nf6 14. Nd2 Na6
15. Nde4 Nxe4 16. Bxe4 Nc7 17. Rab1 b6 18. a3 a5 19. b4 axb4 20. axb4 Rfb8 21.
Qc2 Bxe4 22. Nxe4 h6 23. b5 Rf8 24. Ra1 Rxa1 25. Rxa1 Ne8 26. Ra6 Qd8 27. Nc3
Qf6 28. Rxb6 Qf3 29. Rb8 Nf6 30. Rxf8+ Kxf8 31. b6 Nd7 32. b7 Ke7 33. Nb5 e4
34. Na7 Kd8 35. Nc6+ Kc7 36. Qa4 Kxb7 37. Qa7+ Kc8 38. Qa8+ Kc7 39. Qd8+ Kb7
40. Qxd7+ Ka8 41. Qa7# 1-0

[Event "Sparkassen-Open A"]
[Site "Heusenstamm, Martinsee"]
[Date "2017.11.24"]
[Round "3.23"]
[White "Neukirchner, Pascal"]
[Black "Thinius, Marco"]
[Result "0-1"]
[WhiteElo "2139"]
[BlackElo "2375"]
[PlyCount "102"]
[EventDate "2017.??.??"]
[WhiteTeam "SK Gründau"]
[BlackTeam "SV Empor Berlin"]

1. d4 Nf6 2. c4 g6 3. f3 Nc6 4. d5 Ne5 5. e4 d6 6. Nc3 Bg7 7. Bg5 O-O 8. Qd2 c6
9. Rd1 Qa5 10. f4 Ned7 11. Nf3 Re8 12. Be2 Qb6 13. Bh4 Nc5 14. Qc2 Nfxe4 15.
Nxe4 Nxe4 16. Qxe4 Bf5 17. c5 Qa5+ 18. b4 Bc3+ 19. Kf1 Bxb4 20. Qc4 Bxc5 21.
dxc6 bxc6 22. Bf2 Bxf2 23. Kxf2 Qb6+ 24. Qd4 Rab8 25. Rhe1 Qa5 26. a3 Be6 27.
Ng5 Bb3 28. Rd3 Qb6 29. Qxb6 Rxb6 30. Bf3 h6 31. Ne4 Reb8 32. Rb1 Be6 33. Rxb6
Rxb6 34. Nd2 Kf8 35. Bd1 Ke8 36. Bb3 Kd7 37. Ke3 Bxb3 38. Nxb3 Rb5 39. a4 Rb4
40. a5 Kc7 41. Nd4 c5 42. Nc2 Ra4 43. Ra3 Rxa3+ 44. Nxa3 Kc6 45. Kd3 d5 46. h4
h5 47. g3 f6 48. g4 e6 49. f5 exf5 50. gxh5 gxh5 51. Ke3 a6 0-1

[Event "Sparkassen-Open A"]
[Site "Heusenstamm, Martinsee"]
[Date "2017.11.24"]
[Round "3.24"]
[White "Kramer, Julian"]
[Black "Adocchio, Giampiero"]
[Result "1-0"]
[WhiteElo "2356"]
[BlackElo "2133"]
[PlyCount "71"]
[EventDate "2017.??.??"]
[WhiteTeam "Hamburger SK"]
[BlackTeam "Mosbacher SC"]

1. e4 e6 2. d4 d5 3. Bd3 dxe4 4. Bxe4 Nf6 5. Bf3 Nbd7 6. Ne2 e5 7. O-O e4 8.
Ng3 exf3 9. Re1+ Be7 10. Nf5 Ng8 11. Rxe7+ Nxe7 12. Nxg7+ Kf8 13. Bh6 Kg8 14.
Qxf3 a5 15. Ne6 fxe6 16. Qg4+ Kf7 17. Qg7+ Ke8 18. Qxh8+ Nf8 19. Qxf8+ Kd7 20.
Qf3 Nf5 21. Bf4 Qf6 22. Be5 Qg6 23. Nc3 Nh4 24. Qh3 Nf5 25. Ne4 h6 26. Nc5+ Ke7
27. Bxc7 b6 28. Qf3 Ra7 29. Bxb6 Nxd4 30. Qd1 e5 31. Bxa7 Bh3 32. Qf1 Nf3+ 33.
Kh1 Nd2 34. Qg1 Qc6 35. f3 Nxf3 36. Qf2 1-0

[Event "Sparkassen-Open A"]
[Site "Heusenstamm, Martinsee"]
[Date "2017.11.24"]
[Round "3.25"]
[White "Mueller, Werner"]
[Black "Schnepp, Gunnar"]
[Result "0-1"]
[WhiteElo "2103"]
[BlackElo "2349"]
[PlyCount "88"]
[EventDate "2017.??.??"]
[WhiteTeam "SK Göggingen"]
[BlackTeam "SK Lauffen"]

1. e4 c5 2. Nf3 d6 3. d4 cxd4 4. Nxd4 Nf6 5. Nc3 a6 6. f4 e5 7. Nf3 Qc7 8. Bd3
b5 9. O-O Bb7 10. Qe1 Nbd7 11. a3 g6 12. Kh1 Bg7 13. Bd2 O-O 14. f5 gxf5 15.
Nh4 f4 16. Nf5 Rfe8 17. Qh4 Nf8 18. Rae1 Re6 19. Nxg7 Kxg7 20. Nd5 Nxd5 21.
exd5 Ng6 22. Qh3 Bxd5 23. Bc3 Qb7 24. Kg1 Rg8 25. Rf2 Qe7 26. Bf5 Rf6 27. a4
Be6 28. Bxe6 Qxe6 29. Qd3 Qc4 30. Qxc4 bxc4 31. Re4 Rc8 32. Rd2 Rc6 33. g3 Kf8
34. Kg2 Ke7 35. Rd1 h5 36. Rde1 Rf5 37. Kg1 Ke6 38. gxf4 Nxf4 39. Kh1 f6 40.
Bd2 Nh3 41. R4e2 Rc8 42. Rg2 d5 43. Rg3 Nf2+ 44. Kg1 Ne4 0-1

[Event "Sparkassen-Open A"]
[Site "Heusenstamm, Martinsee"]
[Date "2017.11.24"]
[Round "3.26"]
[White "Thomas, Ingo"]
[Black "Klundt, Klaus"]
[Result "1/2-1/2"]
[WhiteElo "2095"]
[BlackElo "2332"]
[PlyCount "41"]
[EventDate "2017.??.??"]
[WhiteTeam "Krefelder SK Turm"]
[BlackTeam "SC Heusenstamm"]

1. e4 c5 2. Nf3 e6 3. b3 Nf6 4. e5 Nd5 5. Bb2 Nc6 6. Na3 Be7 7. g3 O-O 8. Bg2
d6 9. Nc4 dxe5 10. Ncxe5 Nxe5 11. Bxe5 f6 12. Bb2 e5 13. h3 Be6 14. O-O Qd7 15.
Kh2 e4 16. Ng1 f5 17. d3 f4 18. dxe4 fxg3+ 19. fxg3 Ne3 20. Rxf8+ Rxf8 21. Qe2
1/2-1/2